Les grands événements de 2020 - Statistiques

Statistiques générales
  • Ce quiz a été pris 90 fois
  • Le résultat moyen est 4 sur 15
Statistiques - réponses
Hint Extra Hint Réponse % Correct
Confinement en France France 17 mars
89%
1er décès du Covid-19 Chine 11 janvier
52%
Début de la quarantaine de Wuhan Chine 23 janvier
39%
2e Tour des élections municipales France 28 juin
36%
Sortie du Royaume-Uni de l'Union Européenne Royaume-Uni 31 janvier
33%
Confinement en Italie Italie 9 mars
32%
Mort de Valéry Giscard d'Estaing France 2 décembre
31%
Mort de George Floyd Etats-Unis 25 mai
27%
Nomination de Jean Castex à Matignon France 3 juillet
20%
Inondations meurtrières Chine 13 juillet
18%
Mort d'Annie Cordy Belgique 4 septembre
18%
Cours négatif du baril de pétrole MONDE 20 avril
12%
La Macédoine du Nord entre dans l'OTAN Macédoine 27 mars
7%
Le Liban en défaut de paiement Liban 7 mars
7%
Tuerie en Nouvelle-Ecosse - 22 morts Canada 18 avril
6%
Aucun quiz correspondant
Distribution des résultats
% des personnes avec chaque résultat
Percentile par nombre de réponses
Votre historique - résultats
Vous n’avez pas pris ce quiz